00766nam a2200205 a 45000010005000000030009000050080041000140200015000550400028000700820016000981000039001142450129001532600037002823000017003195900028003366500030003649420012003949990017004069520137004236165CO-ViMGA141112s2004 ck r 000 u spa d a9501408779 aCO-ViMGAbspacCO-ViMGA04a343.04 G1721 aGarcía Belsunce, Horacio A9482410aLa autonomía del derecho tributario : ba cuarenta años de mi primera clase universitaria / cHoracio A. Garcia Belsunce aBuenos Aires : bDepalma, c1996 a103 p. 20 cm aDatos de inventario : M14aDERECHO TRIBUTARIO952985 2ddccBK c18138d18138 00102ddc40708002aMEVIECARbMEVIECARd2015-12-04h11/jun/2009l0o343.04 G172 p6165r2015-12-04 00:00:00tEj. 1w2015-12-04yBK